Disaster Management (Record no. 12563)
[ view plain ]
| 000 -LEADER | |
|---|---|
| fixed length control field | 00353nam a22001577a 4500 |
| 003 - CONTROL NUMBER IDENTIFIER | |
| control field | OSt |
| 008 - FIXED-LENGTH DATA ELEMENTS--GENERAL INFORMATION | |
| fixed length control field | 240427b |||||||| |||| 00| 0 eng d |
| 020 ## - INTERNATIONAL STANDARD BOOK NUMBER | |
| International Standard Book Number | 9789356742635 |
| 082 ## - DEWEY DECIMAL CLASSIFICATION NUMBER | |
| Classification number | 363.34 SUD |
| 100 ## - MAIN ENTRY--PERSONAL NAME | |
| Personal name | SUBRAMANIAN,R |
| 245 ## - TITLE STATEMENT | |
| Title | Disaster Management |
| 250 ## - EDITION STATEMENT | |
| Edition statement | 2nd ED |
| 260 ## - PUBLICATION, DISTRIBUTION, ETC. (IMPRINT) | |
| Place of publication, distribution, etc | New Delhi |
| Name of publisher, distributor, etc | Vikas |
| Date of publication, distribution, etc | 2024 |
| 300 ## - PHYSICAL DESCRIPTION | |
| Extent | 353 |
| 942 ## - ADDED ENTRY ELEMENTS (KOHA) | |
| Source of classification or shelving scheme | Dewey Decimal Classification |
| Koha item type | Text Books |
| Withdrawn status | Lost status | Source of classification or shelving scheme | Damaged status | Not for loan | Collection code | Home library | Current library | Date acquired | Source of acquisition | Currency | Cost, normal purchase price | Bill Number | Total Checkouts | Full call number | Acc. no. / Barcode | Date last seen | Actual Cost, discounted price | Bill Date | Koha item type | Checked out | Date last borrowed |
|---|---|---|---|---|---|---|---|---|---|---|---|---|---|---|---|---|---|---|---|---|---|
| Dewey Decimal Classification | B.Tech(CE) | PIET C-LIBRARY | PIET C-LIBRARY | 23/03/2024 | Zafaa Books and Distributors | In rupees | 425.00 | ZBD0469 | 363.34 SUD | 36854 | 27/04/2024 | 297.50 | 23/03/2024 | Reference Books | |||||||
| Dewey Decimal Classification | B.Tech(CE) | PIET C-LIBRARY | PIET C-LIBRARY | 23/03/2024 | Zafaa Books and Distributors | In rupees | 425.00 | ZBD0469 | 363.34 SUD | 36855 | 27/04/2024 | 297.50 | 23/03/2024 | Text Books | |||||||
| Dewey Decimal Classification | B.Tech(CE) | PIET C-LIBRARY | PIET C-LIBRARY | 23/03/2024 | Zafaa Books and Distributors | In rupees | 425.00 | ZBD0469 | 363.34 SUD | 36856 | 27/04/2024 | 297.50 | 23/03/2024 | Text Books | |||||||
| Dewey Decimal Classification | B.Tech(CE) | PIET C-LIBRARY | PIET C-LIBRARY | 23/03/2024 | Zafaa Books and Distributors | In rupees | 425.00 | ZBD0469 | 363.34 SUD | 36857 | 27/04/2024 | 297.50 | 23/03/2024 | Text Books | |||||||
| Dewey Decimal Classification | B.Tech(CE) | PIET C-LIBRARY | PIET C-LIBRARY | 23/03/2024 | Zafaa Books and Distributors | In rupees | 425.00 | ZBD0469 | 1 | 363.34 SUD | 36858 | 02/09/2025 | 297.50 | 23/03/2024 | Text Books | 23/03/2026 | 02/09/2025 |